000 00322nam a2200145Ia 4500
100 _aWalters Rob
942 _cRB
654 _acomputers
245 _aComputers- Mediated communication : Genesis
260 _bArtech house
_aBoston
_c1995
082 _a651.7
_bWAL
300 _a420
546 _aENGLISH
999 _c19478
_d19478